000 01937nam1a2200337 i 4500
001 RU\NLR\bibl\1674852
005 20260407234357.0
035 _a(NLR Aleph) 001666095
090 _a1012003
_c1012003
100 _a20100915g20109999k y0rusy50 ca
101 0 _arus
102 _aRU
105 _a||||z |||||
200 1 _aМолодежь, наука, творчество - 2010
_eVIII Межвузовская научно-практическая конференция студентов и аспирантов (Омск, 11-14 мая 2010 года)
_eсборник материалов
_eв 2-х ч.
_fпод общ. ред. проф. Л.О. Штриплинга
210 _aОмск
_cОГИС
_d2010
215 _d29
300 _aЗагл. обл.: Молодежь, наука, творчество
300 _aВ надзаг.: Федер. агентство по образованию, М-во образования Ом. обл., Ом. гос. ин-т сервиса
463 0 _10011667201
463 0 _10011665331
512 0 _aМолодежь, наука, творчество
606 _aВысшие учебные заведения
_jСборники
_xНаучные конференции
_yТомск, город
_92198584
_3RU\NLR\auth\661321272
686 _aЯ431(2)3
702 1 _4340
_aШтриплинг
_bЛ. О.
_gЛев Оттович
_9138744
_3RU\NLR\AUTH\770138779
711 1 2 _a"Молодежь, наука, творчество - 2010", межвузовская научно-практическая конференция студентов и аспирантов
_d8
_eОмск
_3RU\NLR\AUTH\8810161192
_9818288
801 0 _aRU
_bNLR
_c20100915
_gRCR
801 1 _aRU
_bNLR
_c20100915
852 _aNLR
_j2010-8/2450
942 _cBOOK